• 首页
  • 本馆介绍
  • 公告通知
  • 最新文献
  • 馆藏检索
  • 电子资源
  • 读者导购
  • 参考咨询
  • 我的图书馆
  • 登录
  • 详细信息显示
  • 放入我的书架
  • 预约/预借图书
  • 作者相关作品
  • 分类相关作品
  • 丛书相关作品
  • 出版社相关作品

书目信息

  • 表格格式
  • 工作单格式
  • 卡片格式
题名:
谭嗣同全集
    
 
作者: 蔡尚思 , 方行 编
分册: 上册  
出版信息: 北京   中华书局  1981
页数: 288页
开本: 21cm
丛书名: 中国近代人物文集丛书
单 册:
中图分类: B254
科图分类:
主题词: 谭嗣同--哲学 , 谭嗣同
电子资源:
ISBN:
000 00803nam2 2200301 45
001 0181004502
005 20060819173904.84
010    @dCNY2.10
091    @a11018.828
100    @a19950510d1981 emky0chiy0121 ea
101 0  @achi
102    @aCN@b110000
105    @af z 000yy
200 10 @a谭嗣同全集@Atan si tong quan ji@h上册@f蔡尚思,方行编@FCai Shang Si,Fang Xing Bian
205    @a增订本
210    @a北京@c中华书局@d1981
215    @a288页@c照片@d21cm
225 2  @a中国近代人物文集丛书
410  0 @120010@a中国近代人物文集丛书
600  0 @a谭嗣同@x全集
606    @a谭嗣同@x哲学
606 0  @a谭嗣同
690    @aB254@v3
701  0 @a蔡尚思@4编
701  0 @a方行@4编
801  2 @aCN@bNLC@c20060819
801  0 @aCN@b上海图书馆@c20060816
905    @dB254@e5:1=2@f1@b168111
    
    谭嗣同全集.上册/蔡尚思,方行编.-增订本.-北京:中华书局,1981
    288页:照片;21cm.-(中国近代人物文集丛书)
    
    
    ISBN :CNY2.10
    
●
相关链接 在E读中查询图书 在五车中查询图书 在当当中查询图书 在豆瓣中查询图书


正题名:谭嗣同全集     索取号:B254/5:1=2         预约/预借

序号 登录号 条形码 馆藏地/架位号 状态 备注
1 0041481   000524098   密集书库/ [索取号:B254/5:1=2] 在馆    
2 0041482   000524114   第一借阅区/ [索取号:B254/5:1=2] 在馆    
3 0041483   002040838   第一样本阅览室/ [索取号:B254/5:1=2] 在馆    
4 0168111   000524132   第一借阅区/ [索取号:B254/5:1=2] 在馆    
5 0448839   204488394   密集书库/ [索取号:B254/5:1=2] 在馆    
6 0464901   204649014   密集书库/ [索取号:B254/5:1=2] 在馆    
7 0471194   204711945   密集书库/ [索取号:B254/5:1=2] 在馆    
唐山师范学院图书馆 欢迎您!
大连网信软件有限公司© 版权所有